La ... ? - Clic Quiz - Statistiques

Statistiques générales
  • Ce quiz a été pris 135 fois
  • Le résultat moyen est 22 sur 40
Statistiques - réponses
Hint Explanation Réponse % Correct
La Marseillaise entonné au Stade de France La Marseillaise
89%
Extrait de La Belle et la Bête version Disney La Belle et la Bête
85%
La Boule, ancien personnage de Fort Boyard La Boule
85%
Extrait du film "La môme" La Môme
85%
Jean-Luc dit "La République c'est moi" le 16 octobre 2018, dans le cadre d'une perquisition houleuse du siège de La France Insoumise La République c'est moi
85%
Extrait du clip de la chanson de Manau "La Tribu de Dana" La Tribu de Dana
85%
Extrait de la Série de films "La Septième Compagnie" La 7eme Compagnie
82%
La Voie lactée, aussi nommée la Galaxie, est une galaxie spirale barrée qui comprend entre 200 et 400 milliards d'étoiles, et au moins autant de planètes. Elle abrite le Système solaire et donc la Terre. La Voie lactée
80%
Extrait de la série TV "La Flamme" La Flamme
78%
Extrait du Clip Ça Fait Rire Les Oiseaux de La Compagnie Créole La Compagnie Créole
73%
Extrait du film "La Vague" de 2008 La Vague
68%
Extrait du clip de la chanson de Lagaf "La Zoubida" La Zoubida
66%
Extrait du générique de la série TV "La croisière s'amuse" La croisière s'amuse
63%
Extrait du clip "La positive attitude" de Lorie La positive attitude
62%
Extrait d'une étape de la Vuelta, qui est le Tour d'Espagne en cyclisme (ici Brambilla et Rovny ont une altercation mais peu importe) La Vuelta
62%
Vue de La Havane, la capitale du Cuba, en 1958 La Havane
61%
Extrait du film "La première etoile" La 1ere étoile
58%
Edith Piaf chante La foule (sous-titre anglais) La foule
57%
Extrait du générique de la série TV "La Quatrième Dimension" (The Twilight Zone en VO) La 4eme Dimension
56%
Extrait du film "La Dernière Tentation du Christ" La Dernière Tentation du Christ
56%
Extrait du film "La Zizanie" La Zizanie
56%
Extrait de l'élection de Miss France 1987 marqué par une embrouille dans les résultats, notamment pour la 2e dauphine ici La 2eme dauphine
54%
Extrait du film "La 6ème, la pire année de ma vie" (Middle School: The Worst Years of My Life en vo) La 6ème, la pire année de ma vie
54%
La Beaujoire ici en communion avec son équipe du FC Nantes La Beaujoire
52%
Extrait du film "La Passion du Christ" La Passion du Christ
51%
La troisième loi de Newton est le principe de l'action et de la réaction. Si un corps A exerce une force sur un corps B, alors B exerce sur A une force d'égale intensité, de même direction et de sens opposé. La 3eme loi de Newton
47%
Illustration de la théorie du chaos : le pendule double a un comportement déterministe (car répondant aux lois newtoniennes) mais imprédictible. La sensibilité aux conditions initiales provoque une divergence des mouvements des deux pendules, initialement quasiment identiques (le changement est ici provoqué par une instabilité numérique survenant au cours de la résolution) La Théorie du chaos
46%
Le Stade Rochelais, club de La Rochelle, remporte la finale de la coupe d'Europe de rugby (Heineken Champions Cup 2022/23) La Rochelle
45%
Extrait du clip de la chanson d'Oldelaf "La Tristitude" La Tristitude
45%
Extrait du film "La Cinquième Vague" (The 5th Wave en vo) La 5eme vague
44%
L'Estadio Alberto J. Armando, communément surnommé la Bombonera (« boîte à bonbons »), est un stade de football situé dans le quartier de La Boca à Buenos Aires La Bombonera
39%
La chanson d'Alain Bashung "La Nuit je mens" (Live officiel à l’Olympia 2008) La Nuit je mens
39%
Extrait du film "La Firme" La Firme
38%
L'arrivée d'un train à La Ciotat (1895) - frères Lumière
La Ciotat
36%
Extrait de la pub La Nuit de L'Homme | Eau de Toilette | Yves Saint Laurent La Nuit de l'Homme
36%
Extrait de la série TV "La Guerre des Stevens" La guerre des Stevens
26%
Extrait du film "La Neuvième Porte" La 9eme Porte
24%
Extrait du film "La Huitième Femme de Barbe-Bleue" (titre original : Bluebeard's Eighth Wife) La 8eme femme de Barbe Bleue
21%
Extrait du film "La Dixième Victime" La 10eme Victime
15%
Extrait du film "La Main" La Main
15%
Aucun quiz correspondant
Distribution des résultats
% des personnes avec chaque résultat
Percentile par nombre de réponses
Votre historique - résultats
Vous n’avez pas pris ce quiz